000 00620pam a2200217 a 4500
001 1443826
005 20180112035225.0
008 851118s1986 nyu b 001 0 eng
010 _a 85029434
020 _a0471816639 (pbk.) :
_c$15.95 (est.)
040 _aDLC
_cDLC
_dDLC
041 _aeng
080 _a616.8909 OLT
082 0 0 _a616.8909 OLT
_219
100 1 _a48
101 _aPSI
245 1 0 _aCase studies in abnormal psychology /
_cThomas F. Oltmanns, John M. Neale, Gerald C. Davison.
504 _aBibliography: p. 334-355.
906 _a7
_bcbc
_corignew
_d1
_eocip
_f19
_gy-gencatlg
942 _2ddc
_cBK
999 _c40159
_d40159